सामना; शख़्सियत से साक्षात्कारनगर/ (Record no. 201758)

MARC details
000 -LEADER
fixed length control field 00923nam a22002057a 4500
005 - DATE AND TIME OF LATEST TRANSACTION
control field 20240328111217.0
010 ## - LCCN (DPL NO)
LC control number HIN-127216
020 ## - INTERNATIONAL STANDARD BOOK NUMBER
International Standard Book Number 9788195954742
Terms of availability 1100.00
035 ## - SYSTEM CONTROL NUMBER
System control number HN-99562
037 ## - SOURCE OF ACQUISITION
Source of stock number/acquisition DBAD
082 ## - DEWEY DECIMAL CLASSIFICATION NUMBER
Classification number 070
100 ## - MAIN ENTRY--PERSONAL NAME
Personal name आज़ाद, ए आर
245 ## - TITLE STATEMENT
Title सामना; शख़्सियत से साक्षात्कारनगर/
Statement of responsibility, etc ए आर आज़ाद और एस आर आज़मी
250 ## - EDITION STATEMENT
Edition statement 1
260 ## - PUBLICATION, DISTRIBUTION, ETC. (IMPRINT)
Place of publication, distribution, etc नई दिल्ली
Name of publisher, distributor, etc दूसरा मत प्रकाशन
Date of publication, distribution, etc 2023
270 ## - ADDRESS
Address 81-बी, सैनिक विहार, फेज-2, मोहन गार्डन, उत्तम नगर,
City नई दिल्ली
Postal code 110059
300 ## - PHYSICAL DESCRIPTION
Extent 800 पृ;
Dimensions 23 सेमी (सजिल्द)
700 ## - ADDED ENTRY--PERSONAL NAME
Personal name आज़मी, एस आर
9 (RLIN) 63902
942 ## - ADDED ENTRY ELEMENTS (KOHA)
Institution code [OBSOLETE] dpl
Item type Hindi Books
Source of classification or shelving scheme Dewey Decimal Classification
Classification part 070
Call number suffix आज़ाद
Holdings
Withdrawn status Lost status Not for loan Collection code Home library Current library Date acquired Source of acquisition Cost, normal purchase price Full call number Barcode Copy number Cost, replacement price Koha item type
      Non-fiction Bawana Bawana 22/03/2024 DBAD 1100.00 070 आज़ाद HN-99562 1 1100.00 Hindi Books

© Delhi Public Library
Hit Counter
free hit counter